| 000 | 00659nam a2200169 i 4500 | ||
|---|---|---|---|
| 001 | 67908 | ||
| 003 | ES-MaACL | ||
| 005 | 20230906170153.0 | ||
| 007 | t| | ||
| 008 | 040216s1947 fr ||||1| fre d | ||
| 100 | 1 |
_aGallego Díaz, José. _953559 |
|
| 245 | 1 | 3 |
_aUn Príncipe de la moindre action en économie politique / _cpar José Gallego Díaz. |
| 260 |
_a[S.l.] : _bLes Editions de la Revue Scientifique, _c1947 ( _eParis : _fGautier-Villars) |
||
| 300 |
_aP. [597]-600 ; _c32 cm. |
||
| 500 | _aEs separata de: Revue Scientifique. Nos. 3247-3275-1er. et. 15 juin 1947-fasc. 10 de la 85 anuñee. págs. 597-600. | ||
| 852 |
_aES-MaACL _j1869-F-18 _bR.24353 |
||
| 999 |
_c67908 _d67908 |
||